Formuła 1- kalendarz na sezon 1953 - Statystyki

Ogólne statystyki
  • Ten quiz został rozwiązany 82 razy
  • Średni wynik to 7 z 9
Statystyki odpowiedzi
Runda Nazwa GP % Poprawnych
5 Grand Prix Francji
96%
6 Grand Prix Wielkiej Brytanii
96%
9 Grand Prix Włoch
93%
7 Grand Prix Niemiec
89%
2 Indianapolis 500
83%
4 Grand Prix Belgii
79%
8 Grand Prix Szwajcarii
72%
3 Grand Prix Holandii
68%
1 Grand Prix Argentyny
63%
Nie znaleziono quizów pasujących do podanych kryteriów
Rozkład punktacji
Procent ludzi z każdym wynikiem
Percentyl według liczby udzielonych odpowiedzi
Twoja historia wyników
Nie rozwiązałeś tego quizu